New South Wales State Electoral Divisions with a Map - Statistics

General Stats
  • This quiz has been taken 409 times
  • The average score is 59 of 93
Answers on the Map
Answers color-coded by a green-red scale on the quiz's map according to % correct below.
 
Answer Stats
Answer % Correct
Sydney
94%
Parramatta
88%
Newcastle
85%
Wollongong
83%
Penrith
82%
Bankstown
79%
Cronulla
79%
Orange
79%
Manly
78%
Newtown
78%
Maroubra
77%
Balmain
76%
Blacktown
76%
Port Macquarie
76%
Liverpool
74%
Campbelltown
73%
Hornsby
73%
Ryde
73%
Wagga Wagga
73%
Blue Mountains
72%
Coogee
72%
Kiama
72%
Coffs Harbour
71%
Dubbo
71%
Epping
71%
Gosford
71%
Lismore
71%
Maitland
71%
Albury
70%
Camden
70%
Kogarah
70%
Vaucluse
70%
Bathurst
68%
Monaro
68%
Auburn
67%
Cabramatta
67%
Lane Cove
67%
Strathfield
67%
Tamworth
67%
Tweed
67%
Willoughby
67%
Ballina
66%
Fairfield
66%
Terrigal
65%
Bega
64%
Drummoyne
64%
Goulburn
64%
Lake Macquarie
64%
Summer Hill
64%
South Coast
63%
Castle Hill
62%
Pittwater
62%
Heffron
61%
Mount Druitt
61%
The Entrance
61%
Holsworthy
60%
Wollondilly
60%
Wyong
60%
Canterbury
59%
Heathcote
59%
Miranda
59%
Cessnock
58%
Hawkesbury
58%
North Shore
58%
Rockdale
58%
Riverstone
57%
Badgerys Creek
56%
East Hills
56%
Londonderry
56%
Murray
56%
Port Stephens
56%
Barwon
55%
Kellyville
55%
Davidson
54%
Granville
54%
Macquarie Fields
54%
Shellharbour
54%
Upper Hunter
54%
Winston Hills
54%
Leppington
53%
Wakehurst
53%
Oatley
52%
Northern Tablelands
51%
Wahroonga
50%
Prospect
48%
Swansea
48%
Wallsend
48%
Charlestown
47%
Cootamundra
46%
Keira
44%
Oxley
44%
Clarence
39%
Myall Lakes
39%
No matching quizzes found
Score Distribution
Percent of People with Each Score
Percentile by Number Answered
Your Score History
You have not taken this quiz